[Event "European Blitz 2022"]
[Site "Katowice POL"]
[Date "2022.12.16"]
[Round "1.2"]
[White "Navara, David"]
[Black "Paluska, Karol"]
[Result "1-0"]
[WhiteTitle "GM"]
[WhiteElo "2684"]
[BlackElo "1933"]
[WhiteFideId "309095"]
[BlackFideId "73617121"]
[EventDate "2022.12.16"]

1. d4 Nf6 2. c4 e6 3. Nc3 Bb4 4. e3 d5 5. a3 Bxc3+ 6. bxc3 O-O 7. cxd5 exd5 8.
Bd3 c6 9. Ne2 Nbd7 10. O-O Re8 11. f3 Nf8 12. Ng3 Ne6 13. Bb2 c5 14. Qd2 Bd7 15.
e4 Bc6 16. e5 Nd7 17. f4 cxd4 18. cxd4 Qb6 19. Kh1 f6 20. Nf5 g6 21. Nd6 Re7 22.
f5 Nxd4 23. exf6 Nxf6 24. fxg6 Ne4 25. Bxe4 Rxe4 26. Nxe4 dxe4 27. Bxd4 1-0

[Event "European Blitz 2022"]
[Site "Katowice POL"]
[Date "2022.12.16"]
[Round "1.3"]
[White "Deren, Marcin"]
[Black "Svane, Rasmus"]
[Result "0-1"]
[BlackTitle "GM"]
[WhiteElo "1862"]
[BlackElo "2622"]
[WhiteFideId "1126806"]
[BlackFideId "4657101"]
[EventDate "2022.12.16"]

1. d4 d5 2. Bf4 Nf6 3. e3 e6 4. Nf3 Bd6 5. Bxd6 Qxd6 6. c3 O-O 7. Bd3 Nbd7 8.
O-O e5 9. dxe5 Nxe5 10. Nxe5 Qxe5 11. Nd2 Rd8 12. Nf3 Qe7 13. Rc1 c5 14. h3 b6
15. Re1 Bb7 16. Bb1 Rd6 17. Nh2 Rad8 18. Ng4 Ne4 19. Qe2 h5 20. Nh2 g6 21. Rcd1
Qf6 22. Nf1 Qe5 23. Nd2 Nf6 24. Nf3 Qe7 25. Bc2 Kg7 26. Bb1 a5 27. b3 Ne4 28.
Qc2 Qf6 29. Re2 Nxc3 0-1

[Event "European Blitz 2022"]
[Site "Katowice POL"]
[Date "2022.12.16"]
[Round "1.4"]
[White "Deac, Bogdan-Daniel"]
[Black "Poplawski, Maciej"]
[Result "1-0"]
[WhiteTitle "GM"]
[WhiteElo "2700"]
[BlackElo "1900"]
[WhiteFideId "1226380"]
[BlackFideId "1172522"]
[EventDate "2022.12.16"]

1. b3 c6 2. Bb2 d5 3. d3 Bg4 4. Nd2 Nd7 5. Ngf3 Ngf6 6. h3 Bh5 7. g4 Bg6 8. Nh4
e5 9. Bg2 Bd6 10. Nxg6 hxg6 11. e3 Qa5 12. a3 Nf8 13. c4 Ne6 14. b4 Qd8 15. cxd5
cxd5 16. Qb3 Bc7 17. Qa4+ Qd7 18. Qxd7+ Kxd7 19. Nf3 e4 20. dxe4 Nxe4 21. Rd1
Kc6 22. O-O Rhd8 23. Rc1+ Kd7 24. Rfd1 Ke7 25. Nd4 Nxd4 1-0

[Event "European Blitz 2022"]
[Site "Katowice POL"]
[Date "2022.12.16"]
[Round "1.5"]
[White "Popov, Sergey A."]
[Black "Grandelius, Nils"]
[Result "0-1"]
[BlackTitle "GM"]
[WhiteElo "1916"]
[BlackElo "2660"]
[WhiteFideId "14105233"]
[BlackFideId "1710400"]
[EventDate "2022.12.16"]

1. c4 e5 2. Nc3 Bb4 3. g3 Bxc3 4. bxc3 d6 5. Bg2 Nc6 6. Nf3 Nge7 7. O-O O-O 8.
d4 Ng6 9. Ba3 Qe7 10. Re1 e4 11. Nd2 e3 12. Nf3 Re8 13. Bc1 exf2+ 14. Kxf2 Na5
15. Qd3 b6 16. e4 Ba6 0-1

[Event "European Blitz 2022"]
[Site "Katowice POL"]
[Date "2022.12.16"]
[Round "1.6"]
[White "Santos Latasa, Jaime"]
[Black "Sosovickova, Jana"]
[Result "1-0"]
[WhiteTitle "GM"]
[WhiteElo "2668"]
[BlackElo "1922"]
[WhiteFideId "2293307"]
[BlackFideId "14944596"]
[EventDate "2022.12.16"]

1. Nf3 d5 2. e3 Nf6 3. c4 e6 4. b3 b6 5. Bb2 Bb7 6. cxd5 Nxd5 7. Be2 Nd7 8. O-O
N7f6 9. Ne5 a6 10. d3 Be7 11. Nd2 O-O 12. Rc1 c5 13. a3 Rc8 14. Rc2 Nd7 15. Nef3
Bf6 16. Qb1 Qe7 17. Rfc1 Rfd8 18. h3 h6 19. Ne4 Bxb2 20. Qxb2 N7f6 21. Ned2 a5
22. Nc4 Ba6 23. Bf1 Nd7 24. g3 Rb8 25. Bg2 Rdc8 26. h4 N5f6 27. d4 cxd4 28. Nxd4
Nc5 29. Ne5 Qe8 30. Ndc6 Ra8 31. b4 axb4 32. axb4 Nd3 33. Nxd3 Bxd3 34. Ne7+
Qxe7 35. Rxc8+ Rxc8 36. Rxc8+ Kh7 37. Qd4 1-0

[Event "European Blitz 2022"]
[Site "Katowice POL"]
[Date "2022.12.16"]
[Round "1.8"]
[White "Sargsyan, Shant"]
[Black "Starosta, Martyna"]
[Result "1-0"]
[WhiteTitle "GM"]
[BlackTitle "WCM"]
[WhiteElo "2645"]
[BlackElo "1991"]
[WhiteFideId "13306766"]
[BlackFideId "21818754"]
[EventDate "2022.12.16"]

1. d4 Nf6 2. Nf3 e6 3. c4 Bb4+ 4. Bd2 Qe7 5. g3 Bxd2+ 6. Qxd2 Nc6 7. e3 Ne4 8.
Qc2 Qb4+ 9. Nbd2 Nxd2 10. Nxd2 Qe7 11. Bg2 O-O 12. O-O d6 13. Qc3 e5 14. d5 Nb8
15. b4 a5 16. a3 f5 17. c5 axb4 18. axb4 Rxa1 19. Rxa1 Na6 20. Rc1 Bd7 21. Bf1
f4 22. c6 Bc8 23. cxb7 Bxb7 24. e4 fxg3 25. hxg3 Qf6 26. f3 Rf7 27. Ra1 Qg5 28.
Kg2 Nb8 29. Ra7 Bc8 30. Ra8 Rf8 31. Nc4 Qh5 32. Be2 Qh3+ 33. Kf2 Ba6 34. Qe1
Bxc4 35. Bxc4 Qh5 36. Be2 Qg5 37. Qd1 Qf6 38. Qd3 Qh6 39. Ke1 Qh1+ 40. Kd2 Qh6+
41. Qe3 Qf6 42. Ra7 Qe7 43. Qc3 Qg5+ 44. Qe3 Qe7 45. g4 h6 46. Qc3 Qg5+ 47. Kd1
Qh4 48. Qxc7 Qg5 49. b5 h5 50. gxh5 Qg1+ 51. Kc2 Kh8 52. h6 1-0

[Event "European Blitz 2022"]
[Site "Katowice POL"]
[Date "2022.12.16"]
[Round "1.9"]
[White "Aira, Leonardo"]
[Black "Mastrovasilis, Dimitrios"]
[Result "0-1"]
[BlackTitle "GM"]
[WhiteElo "1926"]
[BlackElo "2605"]
[WhiteFideId "1721097"]
[BlackFideId "4202694"]
[EventDate "2022.12.16"]

1. e4 d5 2. exd5 Qxd5 3. Nc3 Qd6 4. d4 Nf6 5. Nf3 g6 6. Bc4 Bg7 7. O-O O-O 8.
Be3 a6 9. a4 Bg4 10. h3 Bxf3 11. Qxf3 Nc6 12. Rad1 Rad8 13. Ne2 Nd5 14. c3 e6
15. Bf4 Qd7 16. Ng3 Nxf4 17. Qxf4 Qd6 18. Qe3 Ne7 19. Ne4 Qc6 20. Bd3 Qxa4 21.
Qf3 Qc6 22. Qe2 Rfe8 23. f4 Nf5 24. g4 Nd6 25. Nxd6 Qxd6 26. Be4 c5 27. Qc4 cxd4
28. cxd4 b5 29. Qc5 Bxd4+ 30. Rxd4 Qxd4+ 31. Qxd4 Rxd4 32. Bb7 a5 33. Bc6 Red8
34. f5 exf5 35. gxf5 Rd1 36. fxg6 hxg6 37. Bxb5 Rxf1+ 38. Kxf1 Rb8 39. Bc4 Rxb2 0-1

[Event "European Blitz 2022"]
[Site "Katowice POL"]
[Date "2022.12.16"]
[Round "1.10"]
[White "Yuffa, Daniil"]
[Black "Shvets, Viktoria"]
[Result "1-0"]
[WhiteTitle "GM"]
[WhiteElo "2587"]
[BlackElo "1786"]
[WhiteFideId "24131423"]
[BlackFideId "14152770"]
[EventDate "2022.12.16"]

1. d4 d5 2. c4 e6 3. Nf3 Nf6 4. g3 c6 5. Bg2 Be7 6. O-O O-O 7. Qc2 h6 8. Nbd2
Nbd7 9. e4 dxe4 10. Nxe4 Nxe4 11. Qxe4 Nf6 12. Qe2 c5 13. Rd1 Qc7 14. Bf4 Qb6
15. d5 exd5 16. Qxe7 Be6 17. Qd6 Qxb2 18. Be5 Ne4 19. Qxf8+ 1-0

[Event "European Blitz 2022"]
[Site "Katowice POL"]
[Date "2022.12.16"]
[Round "1.11"]
[White "Owoc, Jakub"]
[Black "Lagarde, Maxime"]
[Result "0-1"]
[BlackTitle "GM"]
[WhiteElo "1837"]
[BlackElo "2584"]
[WhiteFideId "21833206"]
[BlackFideId "662399"]
[EventDate "2022.12.16"]

1. e4 c5 2. c3 d5 3. exd5 Nf6 4. d4 Nxd5 5. Nf3 cxd4 6. cxd4 e6 7. Nc3 Be7 8.
Be2 O-O 9. O-O Nc6 10. a3 b6 11. Nxd5 Qxd5 12. Be3 Bb7 13. Rc1 Rad8 14. Bc4 Qd6
15. Qe2 Bf6 16. Rfd1 Ne7 17. Ba6 Bd5 18. b4 h6 19. h3 Ng6 20. Bc4 Ba8 21. Rc2
Nf4 22. Bxf4 Qxf4 23. Rcd2 Bd5 24. Bxd5 Rxd5 25. Qe3 Qc7 26. Rd3 Rc8 27. Nd2 Bg5
28. Qe4 Bxd2 29. R1xd2 a5 30. bxa5 bxa5 31. g3 Rcd8 32. Kg2 Qc4 33. f4 a4 34. g4
Qb5 35. Qe3 Qd7 36. Kg3 Rb8 37. Rc3 Qd6 38. Kf3 g6 39. Rc4 Rb3 40. Rd3 Qxa3 41.
Rcc3 Rdb5 42. d5 Rxc3 43. Rxc3 Qxc3 44. Qxc3 Rb3 45. Qxb3 axb3 46. d6 Kf8 0-1

[Event "European Blitz 2022"]
[Site "Katowice POL"]
[Date "2022.12.16"]
[Round "1.12"]
[White "Ziska, Helgi Dam"]
[Black "Helaszek, Edward"]
[Result "1-0"]
[WhiteTitle "GM"]
[WhiteElo "2546"]
[BlackElo "1921"]
[WhiteFideId "7200595"]
[BlackFideId "1108018"]
[EventDate "2022.12.16"]

1. e4 e5 2. Nf3 Nc6 3. Bb5 g6 4. O-O Bg7 5. c3 d6 6. h3 Ne7 7. d4 O-O 8. Re1 a6
9. Ba4 Bd7 10. Be3 b6 11. Nbd2 Qe8 12. Bb3 h6 13. Nf1 Kh7 14. Ng3 Qd8 15. Qd2 f5
16. exf5 gxf5 17. dxe5 dxe5 18. Rad1 Bc8 19. Qc2 Qe8 20. Nh4 e4 21. Nxe4 fxe4
22. Qxe4+ Kh8 23. Bf4 Bf5 24. Nxf5 Rxf5 25. Bxc7 Qg6 26. Bd6 Ng8 27. Qxc6 Rd8 1-0

[Event "European Blitz 2022"]
[Site "Katowice POL"]
[Date "2022.12.16"]
[Round "1.13"]
[White "Tokarz, Izabela"]
[Black "Donchenko, Alexander"]
[Result "0-1"]
[BlackTitle "GM"]
[WhiteElo "1893"]
[BlackElo "2636"]
[WhiteFideId "21849170"]
[BlackFideId "24603295"]
[EventDate "2022.12.16"]

1. d4 Nf6 2. c4 e6 3. Nc3 Bb4 4. f3 c5 5. d5 d6 6. e4 b5 7. Bg5 h6 8. Bh4 O-O 9.
Bd3 bxc4 10. Bxc4 Ba6 11. Bxa6 Nxa6 12. dxe6 fxe6 13. Ne2 d5 14. O-O Nc7 15. e5
g5 16. Qd3 gxh4 17. Qg6+ Kh8 18. exf6 Qxf6 19. Qh5 Rg8 20. Kh1 Raf8 21. a3 Ba5
22. f4 Qg6 23. Qf3 Qg4 24. Qxg4 Rxg4 25. Na4 c4 26. Nc5 Rf7 27. Rad1 Bb6 28. Na4
Rfg7 29. g3 hxg3 30. hxg3 h5 31. Rf3 h4 32. gxh4 Rxh4+ 0-1

[Event "European Blitz 2022"]
[Site "Katowice POL"]
[Date "2022.12.16"]
[Round "1.14"]
[White "Moroni, Luca Jr"]
[Black "Acevedo Mendez, Lisseth"]
[Result "1-0"]
[WhiteTitle "GM"]
[BlackTitle "WIM"]
[WhiteElo "2576"]
[BlackElo "1816"]
[WhiteFideId "865834"]
[BlackFideId "6502938"]
[EventDate "2022.12.16"]

1. d4 g6 2. e4 Bg7 3. Nc3 d6 4. Be3 Nf6 5. Qd2 Nbd7 6. f3 a6 7. Bh6 O-O 8. O-O-O
e5 9. d5 Ne8 10. h4 f5 11. h5 f4 12. hxg6 hxg6 13. Bd3 Qf6 14. Nge2 Nc5 15. Rh2
Bd7 16. Rdh1 Nxd3+ 17. Qxd3 Kf7 18. Bxg7 Nxg7 19. b3 Qg5 20. Kb2 Nh5 21. Qd2 Rh8
22. g4 Ng3 23. Rxh8 Rxh8 24. Rxh8 Nf1 25. Qd3 Ne3 26. Nd1 Ng2 27. Qc4 Kg7 28.
Rh2 Nh4 29. Qxc7 Qe7 30. Rxh4 Qxh4 31. Qxd7+ Kh8 32. Qxd6 Qe1 33. Qxe5+ Kh7 34.
Ndc3 1-0

[Event "European Blitz 2022"]
[Site "Katowice POL"]
[Date "2022.12.16"]
[Round "1.15"]
[White "Dwilewicz, Agata"]
[Black "Piorun, Kacper"]
[Result "0-1"]
[BlackTitle "GM"]
[WhiteElo "1769"]
[BlackElo "2611"]
[WhiteFideId "1163965"]
[BlackFideId "1130420"]
[EventDate "2022.12.16"]

1. d4 g6 2. e4 Bg7 3. Nf3 d6 4. Nc3 a6 5. Be2 Nf6 6. O-O O-O 7. h3 b5 8. a3 Bb7
9. Bd3 Nbd7 10. Re1 e6 11. Bf4 Nb6 12. Qe2 Nfd7 13. Rad1 Qe7 14. Bg5 f6 15. Bh4
c5 16. dxc5 Nxc5 17. Bg3 e5 18. Qd2 Rfd8 19. b4 Ne6 20. Bf1 Rac8 21. Kh2 Qc7 22.
Nd5 Bxd5 23. exd5 Nf8 24. Rc1 Qc3 25. Qe3 Qxe3 26. Rxe3 Nxd5 27. Rd3 Nc3 28. Nd2
d5 29. f3 f5 30. Bf2 e4 31. fxe4 fxe4 32. Re3 d4 33. Ree1 e3 34. Bxe3 dxe3 35.
Nf3 Re8 36. Bd3 Nd7 37. Ng5 Be5+ 38. Kg1 Nf6 39. Nf3 Bg3 40. Rf1 e2 0-1

[Event "European Blitz 2022"]
[Site "Katowice POL"]
[Date "2022.12.16"]
[Round "1.17"]
[White "Radzimski, Antoni"]
[Black "Oleksiyenko, Mykhaylo"]
[Result "0-1"]
[BlackTitle "GM"]
[WhiteElo "1734"]
[BlackElo "2594"]
[WhiteFideId "21052476"]
[BlackFideId "4152417"]
[EventDate "2022.12.16"]

1. d4 d5 2. c4 c6 3. cxd5 cxd5 4. Bf4 Nf6 5. Nc3 e6 6. e3 Bd6 7. Bxd6 Qxd6 8.
Nf3 O-O 9. Bd3 Nc6 10. O-O Bd7 11. Rc1 Rfc8 12. Qe2 a6 13. Rfd1 Rc7 14. e4 dxe4
15. Nxe4 Nxe4 16. Bxe4 Ne7 17. Rxc7 Qxc7 18. Ne5 Be8 19. Qd3 h6 20. h3 Rd8 21.
Qc3 Qxc3 22. bxc3 f6 23. Nc4 Bc6 24. Bxc6 Nxc6 25. Nb6 Kf7 26. Kf1 Na5 27. Ke2
Rd6 28. Na4 Rc6 29. Kd3 Nc4 30. Rb1 b5 31. Nc5 Nd6 32. a4 e5 33. axb5 axb5 34.
Ra1 exd4 35. Ra7+ Kg6 36. cxd4 Rb6 37. Ne6 Nf5 38. Nf4+ Kg5 39. g3 b4 40. h4+
Kg4 41. Ne2 b3 42. Ra1 b2 43. Rb1 Kf3 44. Nc3 Kxf2 45. g4 Nxh4 46. d5 Nf3 47.
Ne4+ Kg2 48. d6 Ne5+ 49. Kd4 Rb4+ 50. Ke3 Rb3+ 51. Kd4 Rd3+ 52. Kc5 Kf3 53. d7
Nxd7+ 0-1

[Event "European Blitz 2022"]
[Site "Katowice POL"]
[Date "2022.12.16"]
[Round "1.18"]
[White "Saraci, Nderim"]
[Black "Kot, Jerzy"]
[Result "1-0"]
[WhiteTitle "IM"]
[BlackTitle "FM"]
[WhiteElo "2468"]
[BlackElo "1846"]
[WhiteFideId "6351921"]
[BlackFideId "1101595"]
[EventDate "2022.12.16"]

1. Nf3 g6 2. e3 Bg7 3. d4 Nf6 4. b3 c5 5. Bb2 Ne4 6. Qc1 cxd4 7. Nxd4 O-O 8. Be2
Qa5+ 9. c3 Nc6 10. O-O d5 11. Nxc6 bxc6 12. c4 e5 13. Bf3 f5 14. Nc3 Be6 15. Rd1
Rad8 16. Qc2 Ng5 17. Be2 d4 18. exd4 exd4 19. Na4 c5 20. Re1 Bf7 21. Rad1 Rfe8
22. Rf1 Rd7 23. Bc1 Ne4 24. Bd3 Rde7 25. Bd2 Nxd2 26. Qxd2 Qc7 27. Rfe1 Be5 28.
g3 f4 29. Re4 g5 30. Rde1 Bg6 31. R4e2 fxg3 32. hxg3 Bh5 33. Qxg5+ Rg7 34. Qxh5
Ree7 35. Rxe5 Rxe5 36. Qxe5 Qf7 37. Qe8+ Qxe8 38. Rxe8+ Kf7 39. Re5 1-0

[Event "European Blitz 2022"]
[Site "Katowice POL"]
[Date "2022.12.16"]
[Round "1.19"]
[White "Kovalchuk, Victor"]
[Black "Livaic, Leon"]
[Result "0-1"]
[BlackTitle "GM"]
[WhiteElo "1602"]
[BlackElo "2572"]
[WhiteFideId "14191334"]
[BlackFideId "14531534"]
[EventDate "2022.12.16"]

1. e4 c5 2. Nf3 e6 3. d4 cxd4 4. Nxd4 a6 5. c4 Nf6 6. Nc3 Qc7 7. Be2 b6 8. O-O
Bb7 9. f3 Be7 10. Be3 d6 11. Qd2 Nbd7 12. Rac1 O-O 13. Rfd1 Rfe8 14. Qe1 Rac8
15. Qg3 Ne5 16. b3 h5 17. h3 h4 18. Qf2 Nh5 19. f4 Ng3 20. fxe5 dxe5 21. Nf3 b5
22. cxb5 Ba3 23. bxa6 Bxc1 24. Rxc1 Ba8 25. Nxh4 Nxe2+ 26. Nxe2 Qa5 27. a7 Qxa2
28. b4 Bxe4 29. Nc3 Qxf2+ 30. Kxf2 Ba8 31. Nf3 f6 32. Nd2 f5 33. Nb3 Rc4 34. b5
f4 35. Bb6 e4 36. Na5 e3+ 37. Ke2 Rb4 38. Bc5 Rb2+ 39. Kd3 Rc8 40. Bd4 Rd2# 0-1

[Event "European Blitz 2022"]
[Site "Katowice POL"]
[Date "2022.12.16"]
[Round "1.20"]
[White "Dvirnyy, Danyyil"]
[Black "Pelka, Michal"]
[Result "1-0"]
[WhiteTitle "GM"]
[WhiteElo "2530"]
[BlackElo "1911"]
[WhiteFideId "817570"]
[BlackFideId "1198246"]
[EventDate "2022.12.16"]

1. e4 c6 2. Nf3 d5 3. d3 g6 4. e5 Bg7 5. h3 c5 6. Bf4 Nc6 7. Nbd2 h5 8. c3 Nh6
9. d4 cxd4 10. cxd4 Nf5 11. Bb5 Qb6 12. Bxc6+ bxc6 13. Nb3 Ba6 14. Qd2 f6 15.
Nc5 g5 16. exf6 exf6 17. Be3 O-O 18. g4 Nxe3 19. fxe3 Rfe8 20. O-O-O h4 21. b3
Bc8 22. Rhf1 a5 23. a4 Bf8 24. Qc3 Qd8 25. Nd2 Rb8 26. Rf3 Bg7 27. Rdf1 Qe7 28.
Qxa5 Be6 29. Qc3 Bf7 30. Kb2 Bg6 31. a5 Rb5 32. a6 Reb8 33. Nb7 Qc7 34. Ra1
R5xb7 35. axb7 Qxb7 36. Ra5 Be8 37. Qc5 Bf8 38. Qa7 Be7 39. Qxb7 Rxb7 40. Ra4 c5
41. Ra8 Kf7 42. dxc5 Bxc5 43. Rf5 Bc6 44. Rc8 Rb6 45. Nf3 Bd6 46. Nd4 Bd7 47.
Rd8 Bxf5 48. Nxf5 Be5+ 49. Kc2 Rc6+ 50. Kd2 Bc3+ 51. Kd3 Be5 52. Rd7+ Ke8 53.
Rb7 Rc3+ 54. Kd2 Rc6 55. b4 Ra6 56. Kd3 Ra3+ 57. Ke2 Rb3 58. b5 Rb2+ 59. Kd3
Rb3+ 60. Kc2 Rb2+ 61. Kd1 Kd8 62. Ne7 Rb3 63. Ke2 Rb2+ 64. Kd3 Rb3+ 65. Kd2 Rb2+
66. Kc1 Rb3 1-0

[Event "European Blitz 2022"]
[Site "Katowice POL"]
[Date "2022.12.16"]
[Round "1.21"]
[White "Soliwoda, Zygmunt"]
[Black "Tazbir, Marcin"]
[Result "0-1"]
[BlackTitle "GM"]
[WhiteElo "1720"]
[BlackElo "2508"]
[WhiteFideId "21812527"]
[BlackFideId "1122452"]
[EventDate "2022.12.16"]

1. c4 e5 2. Nc3 Bb4 3. g3 Bxc3 4. bxc3 d6 5. Bg2 Nc6 6. d4 Bd7 7. Rb1 Rb8 8. e3
f5 9. Ne2 Nf6 10. O-O e4 11. Nf4 O-O 12. Nd5 Na5 13. Qe2 Be6 14. Rb5 c6 15.
Nxf6+ Rxf6 16. Rb4 c5 17. Ra4 b6 18. d5 Bd7 19. Ra3 Qe8 20. f3 exf3 21. Rxf3 Bc8
22. e4 Ba6 23. Bh3 Bxc4 24. Qf2 Qxe4 25. Bxf5 Rxf5 26. Rxf5 Bxd5 27. Kf1 Re8 28.
Bg5 Qh1+ 29. Qg1 Bc4+ 30. Kf2 Re2+ 0-1

[Event "European Blitz 2022"]
[Site "Katowice POL"]
[Date "2022.12.16"]
[Round "1.22"]
[White "Fridman, Daniel"]
[Black "Przerwa, Sebastian"]
[Result "1-0"]
[WhiteTitle "GM"]
[WhiteElo "2602"]
[BlackElo "1756"]
[WhiteFideId "11600454"]
[BlackFideId "1164538"]
[EventDate "2022.12.16"]

1. d4 d5 2. Nf3 c6 3. c4 Nf6 4. Qc2 e6 5. g3 Bb4+ 6. Bd2 Qe7 7. Bg2 O-O 8. O-O
Ne4 9. Bxb4 Qxb4 10. Ne5 f5 11. a3 Qe7 12. Nd2 Nd7 13. Ndf3 Ndf6 14. Nd3 Bd7 15.
Nfe5 Rfc8 16. c5 Be8 17. b4 a6 18. a4 Nd7 19. Rfb1 Nxe5 20. Nxe5 Nf6 21. Qc3 Nd7
22. Nd3 Bg6 23. e3 h5 24. h4 Nf6 25. b5 axb5 26. axb5 Ne4 27. Qb2 Qc7 28. Ne5
Be8 29. b6 Qe7 30. Ra7 Nf6 31. Rba1 Qd8 32. Rxb7 Rxa1+ 33. Qxa1 Ra8 34. Ra7 Rb8
35. Qa4 Qc8 36. Rc7 Qd8 37. Nxc6 Bxc6 38. Qxc6 Ra8 39. Qxe6+ Kh8 40. Bf3 Ng4 41.
Kg2 Qf8 42. b7 Ra2 43. Rc8 Rxf2+ 44. Kg1 1-0

[Event "European Blitz 2022"]
[Site "Katowice POL"]
[Date "2022.12.16"]
[Round "1.23"]
[White "Stadlinger, Matthias"]
[Black "Dragnev, Valentin"]
[Result "0-1"]
[BlackTitle "GM"]
[WhiteElo "1948"]
[BlackElo "2556"]
[WhiteFideId "1656872"]
[BlackFideId "1634852"]
[EventDate "2022.12.16"]

1. b3 Nf6 2. Bb2 g6 3. d4 Bg7 4. g3 O-O 5. Bg2 d5 6. e3 Bf5 7. Ne2 a5 8. a4 c6
9. O-O h5 10. c4 Na6 11. Nbc3 Nb4 12. Qd2 Qd7 13. Na2 Nxa2 14. Rxa2 h4 15. Rc1
h3 16. Bf1 Ne4 17. Qe1 Ng5 18. Qd1 Be4 19. Nc3 Bf3 20. Be2 Qf5 21. Ba1 dxc4 22.
bxc4 e5 23. d5 Rad8 24. Qc2 e4 25. Bxf3 Qxf3 0-1

[Event "European Blitz 2022"]
[Site "Katowice POL"]
[Date "2022.12.16"]
[Round "1.24"]
[White "Kazakouski, Valery"]
[Black "Moscicka, Pola"]
[Result "1-0"]
[WhiteTitle "GM"]
[WhiteElo "2539"]
[BlackElo "1956"]
[WhiteFideId "13507443"]
[BlackFideId "1184032"]
[EventDate "2022.12.16"]

1. Nf3 Nf6 2. c4 e6 3. g3 d5 4. b3 Be7 5. Bg2 O-O 6. O-O c5 7. e3 Nc6 8. Bb2 b6
9. Nc3 Bb7 10. cxd5 exd5 11. d4 Qd7 12. Ne5 Qe6 13. Ne2 Rad8 14. Nf4 Qc8 15. Rc1
Qb8 16. Nxc6 Bxc6 17. dxc5 bxc5 18. Bxf6 Bxf6 19. Rxc5 Qb6 20. Qc2 Bb7 21. Nxd5
Bxd5 22. Rxd5 Rc8 23. Qd2 Rfe8 24. Rd1 h6 25. Rd7 Qc6 26. Bxc6 1-0

[Event "European Blitz 2022"]
[Site "Katowice POL"]
[Date "2022.12.16"]
[Round "1.25"]
[White "Myrmus, Mateusz"]
[Black "Klekowski, Maciej"]
[Result "0-1"]
[BlackTitle "GM"]
[WhiteElo "2012"]
[BlackElo "2477"]
[WhiteFideId "21825335"]
[BlackFideId "1132717"]
[EventDate "2022.12.16"]

1. e4 c5 2. Nf3 e6 3. c3 Nf6 4. e5 Nd5 5. d4 cxd4 6. cxd4 Nc6 7. Nc3 Nxc3 8.
bxc3 d6 9. exd6 Qxd6 10. Bd3 Be7 11. O-O O-O 12. Qe2 b6 13. Bg5 Bb7 14. Qe4 f5
15. Qe2 Rae8 16. Bxe7 Rxe7 17. Rfe1 Na5 18. Ne5 Rc8 19. Rac1 Qd5 20. f3 Rxc3 21.
Rxc3 Qxd4+ 22. Qe3 Qxc3 23. Rc1 Qb4 24. Bf1 0-1

[Event "European Blitz 2022"]
[Site "Katowice POL"]
[Date "2022.12.16"]
[Round "1.26"]
[White "Schneider, Ilja"]
[Black "Wieckowski, Michal"]
[Result "1-0"]
[WhiteTitle "IM"]
[WhiteElo "2483"]
[BlackElo "1684"]
[WhiteFideId "4663306"]
[BlackFideId "21853100"]
[EventDate "2022.12.16"]

1. e4 c5 2. Nc3 Nc6 3. Bb5 Nd4 4. Nf3 Nxb5 5. Nxb5 a6 6. Nc3 e6 7. d4 cxd4 8.
Qxd4 Qc7 9. O-O Nf6 10. e5 Bc5 11. Qh4 Ng8 12. Ne4 Ne7 13. Bg5 Ng6 14. Qg3 h6
15. Be3 Be7 16. h4 h5 17. Bg5 Qxc2 18. Rfe1 Bxg5 19. Nd6+ Kf8 20. Qxg5 Qf5 21.
Qd8# 1-0

[Event "European Blitz 2022"]
[Site "Katowice POL"]
[Date "2022.12.16"]
[Round "1.27"]
[White "Kazmierowski, Tymon"]
[Black "Alonso Rosell, Alvar"]
[Result "0-1"]
[BlackTitle "GM"]
[WhiteElo "1900"]
[BlackElo "2561"]
[WhiteFideId "21863911"]
[BlackFideId "2270544"]
[EventDate "2022.12.16"]

1. d4 Nf6 2. c4 e6 3. g3 d5 4. Bg2 Be7 5. Nf3 O-O 6. O-O c6 7. Nbd2 b6 8. Qc2 c5
9. b3 Nc6 10. Bb2 Ba6 11. Rfd1 Rc8 12. e3 Qc7 13. Rac1 Rfd8 14. Qb1 Nd7 15. Ne1
cxd4 16. exd4 Nf6 17. Nef3 Bb7 18. Ne5 Qb8 19. Nxc6 Bxc6 20. Nf3 dxc4 21. bxc4
Qb7 22. Nh4 Bxg2 23. Nxg2 Qa6 24. Ne3 h5 25. d5 exd5 26. Nxd5 Nxd5 27. cxd5 Rxc1
28. Qxc1 Qxa2 29. Be5 Rxd5 30. Qc8+ Bf8 31. Rxd5 Qxd5 32. Bf4 a5 33. Be3 b5 34.
Bb6 a4 35. Ba5 Qc5 36. Qb8 b4 0-1

[Event "European Blitz 2022"]
[Site "Katowice POL"]
[Date "2022.12.16"]
[Round "1.28"]
[White "Bartel, Mateusz"]
[Black "Trzebinski, Patryk"]
[Result "1-0"]
[WhiteTitle "GM"]
[WhiteElo "2627"]
[BlackElo "1792"]
[WhiteFideId "1112635"]
[BlackFideId "21839034"]
[EventDate "2022.12.16"]

1. Nf3 c5 2. e4 Nc6 3. b4 cxb4 4. d4 d5 5. exd5 Qxd5 6. c4 Qh5 7. Be2 Bg4 8. h3
O-O-O 9. Be3 Bxf3 10. Bxf3 Qg6 11. O-O e6 12. a3 Nxd4 13. Bxd4 e5 14. Qa4 exd4
15. axb4 a6 16. Nd2 Nf6 17. Bxb7+ Kxb7 18. Qxa6+ Kc7 19. Qa7+ Kd6 20. Rfe1 Rc8
21. Ra6+ Rc6 22. Qc5+ 1-0

[Event "European Blitz 2022"]
[Site "Katowice POL"]
[Date "2022.12.16"]
[Round "1.29"]
[White "Grzelak, Marcin"]
[Black "Vogel, Roven"]
[Result "0-1"]
[BlackTitle "IM"]
[WhiteElo "1786"]
[BlackElo "2463"]
[WhiteFideId "1133519"]
[BlackFideId "12908088"]
[EventDate "2022.12.16"]

1. e4 c5 2. d4 cxd4 3. c3 dxc3 4. Nxc3 Nc6 5. Nf3 e6 6. Bc4 a6 7. O-O b5 8. Bb3
Nge7 9. Qe2 Ng6 10. Rd1 Be7 11. Be3 O-O 12. Rac1 Bb7 13. Nd4 Nxd4 14. Bxd4 d6
15. Qe3 Bg5 16. Qe2 Bxc1 17. Rxc1 Rc8 18. g3 b4 0-1